[Event "WA Class Championship - B Section"]
[Site "Seattle"]
[Date "2007.11.24"]
[Round "4"]
[White "Ummel, Igor"]
[Black "Buck, Stephen"]
[Result "1-0"]
[WhiteElo "1779"]
[BlackElo "1817"]
[Annotator "Harrison"]
[PlyCount "105"]
[EventDate "2007.11.??"]
[Source "Drayton Harriso"]
[SourceDate "2007.12.23"]

1. f4 d5 2. Nf3 c5 3. e3 Nc6 4. Bb5 Bd7 5. b3 Nf6 6. Bb2 e6 7. O-O Bd6 8. Bxc6
Bxc6 9. Ne5 Rc8 10. d3 O-O 11. Nd2 Qe7 12. Rf3 Bxe5 13. Bxe5 Nd7 14. Rh3 f6 15.
Bb2 Qf7 16. Qg4 Rfe8 17. Qh4 Nf8 18. Rf1 b5 19. Rff3 d4 20. e4 Rc7 21. g4 h6 $6
(21... f5) 22. g5 fxg5 $2 (22... Ng6 23. Qf2 e5 24. f5 Nf4 25. gxh6 Nxh3+ 26.
Rxh3 $44) 23. fxg5 Qg6 24. Rfg3 h5 25. Qxh5 Qxh5 26. Rxh5 Ng6 27. Rf3 Rf7 (
27... e5) 28. Rxf7 Kxf7 29. Rh3 e5 30. Rg3 Ke6 31. Nf3 Rf8 32. Bc1 c4 33. h4
cxd3 34. cxd3 b4 35. h5 Ne7 36. h6 gxh6 37. gxh6 Bb5 38. Ng5+ Kd6 39. h7 Be8
40. Rh3 Rh8 41. Rf3 Bg6 42. Rf6+ Kd7 43. Re6 Rxh7 44. Rxg6 Rh8 45. Rf6 Rc8 46.
Bd2 a5 47. Nf7 Rc2 48. Nxe5+ Kd8 49. Rf2 Rxa2 50. Bg5 Rxf2 51. Kxf2 Ke8 52.
Bxe7 Kxe7 53. Nc6+ 1-0

[Event "WA Class Championship - B Section"]
[Site "Seattle"]
[Date "2007.11.24"]
[Round "4"]
[White "Li, William"]
[Black "Becker, Brett"]
[Result "1/2-1/2"]
[WhiteElo "1605"]
[BlackElo "1605"]
[Annotator "Harrison"]
[PlyCount "87"]
[EventDate "2007.11.??"]
[Source "Drayton Harriso"]
[SourceDate "2007.12.23"]

1. d4 Nf6 2. Nf3 g6 3. Bf4 Bg7 4. c3 O-O 5. Nbd2 d5 6. e3 c5 7. Bd3 Nc6 8. O-O
Nd7 9. Bc2 e5 10. dxe5 Ndxe5 11. Nxe5 Nxe5 12. Nf3 Bg4 13. Bxe5 Bxe5 14. h3
Bxf3 15. Qxf3 Qc7 16. Rfd1 Rad8 17. Rac1 Qb6 18. Bb3 c4 19. Rxd5 Rxd5 20. Qxd5
cxb3 21. Qxe5 bxa2 22. b4 Rd8 23. Ra1 Rd2 24. Qe8+ Kg7 25. Qa4 $2 Qf6 26. Rf1
Qxc3 27. e4 Rb2 28. b5 {Diagram #} Qb3 (28... Qd2 $1 $19 29. Qa3 $140 Rb1) 29.
Qd4+ f6 30. e5 Rb1 (30... Qxb5 $5 31. exf6+ Kf7 {threat: 32...Qxf1+} 32. Ra1
Qb6 33. Qc4+ Qe6 34. Qc7+ Kxf6 35. Qf4+ Kg7 36. Qc7+ Qf7 37. Qc3+ Qf6 38. Qc7+
Kh6 39. Qc1+ g5 $19 {and white runs out of checks}) 31. exf6+ Kf7 32. Qd7+ Kxf6
33. Qd6+ Qe6 34. Qf4+ Kg7 35. Qd4+ Qf6 36. Qd7+ {Diagram #} Kh6 $2 {
this drops the a2-pawn.} (36... Qf7 $19) (36... Kf8 $19) 37. Qd2+ Qg5 38. Qxa2
Rxf1+ 39. Kxf1 Qxb5+ 40. Kg1 a6 (40... a5 {
is better and perhaps the black king might find shelter on a6 or a7.}) 41. Qd2+
Qg5 42. Qd6 Qf5 (42... Qc1+ $1 43. Kh2 Qc8 $1 $19) 43. Qd2+ Kg7 44. Qb2+ (44.
Qb2+ Kg8 45. Qxb7 a5 $15 {
black can play for a win but it is very hard to find shelter from checks.})
1/2-1/2

[Event "WA Class Championship - B Section"]
[Site "Seattle"]
[Date "2007.11.24"]
[Round "4"]
[White "Wu, Darryl"]
[Black "Hendricks, David"]
[Result "0-1"]
[WhiteElo "1422"]
[BlackElo "1701"]
[Annotator "Harrison"]
[PlyCount "90"]
[EventDate "2007.11.??"]
[Source "Drayton Harriso"]
[SourceDate "2007.12.23"]

1. e4 d6 2. d4 Nf6 3. Nc3 g6 4. Be3 Bg7 5. Qd2 O-O 6. Bc4 Nbd7 7. Nge2 b6 8. f3
c5 9. dxc5 bxc5 10. Bh6 Ne5 11. Bb3 c4 12. Bxg7 Kxg7 13. Ba4 Bd7 14. Bxd7 Qxd7
15. O-O-O Qb7 16. b3 Rfb8 17. Nd4 a5 18. Na4 cxb3 19. axb3 Nfd7 20. h4 Nc5 21.
Qc3 Rc8 22. Qa1 Nxb3+ 23. Nxb3 Qxb3 24. Rd2 Rc4 25. Nb2 Rcc8 26. Kb1 Qb4 27.
Kc1 f6 28. Kd1 a4 29. Nd3 Nxd3 30. cxd3 Qb3+ 31. Ke2 Rc2 32. Ke3 Qb6+ 33. d4
Rxd2 34. Kxd2 Qb4+ 35. Kd3 Rb8 36. d5 a3 37. Rg1 Qb2 38. Qxb2 Rxb2 39. Kc3 f5
40. exf5 gxf5 41. Ra1 Rxg2 42. Rxa3 Rh2 43. Ra4 Rh3 44. Rf4 Kf6 45. Kd4 h5 {
Diagram # White is in zugzwang.} 0-1

[Event "WA Class Championship - B Section"]
[Site "Seattle"]
[Date "2007.11.24"]
[Round "4"]
[White "Xing, Casey"]
[Black "Dixon, Blake"]
[Result "1/2-1/2"]
[WhiteElo "1606"]
[BlackElo "1585"]
[PlyCount "81"]
[EventDate "2007.11.??"]
[Source "Drayton Harriso"]
[SourceDate "2007.12.23"]

1. d4 Nf6 2. c4 g6 3. Nc3 d5 4. cxd5 Nxd5 5. e4 Nxc3 6. bxc3 Bg7 7. Bc4 c5 8.
Ne2 Nc6 9. Be3 O-O 10. O-O Bg4 11. f3 Na5 12. Bxf7+ Rxf7 13. fxg4 Rxf1+ 14.
Kxf1 Nc4 15. Qd3 b5 16. Kg1 Rc8 17. Rf1 e5 18. d5 Nd6 19. h3 c4 20. Qb1 a5 21.
Ng3 Bf8 22. Bd2 Qb6+ 23. Kh2 Nf7 24. Rf3 b4 25. a3 b3 26. Bc1 Rb8 27. Bb2 Ng5
28. Rf1 Bc5 29. Re1 Qd6 30. Qc1 Nf7 31. Rf1 Qb6 32. Qb1 Be3 33. Qe1 Bc5 34. Qe2
Ng5 35. Rb1 Be3 36. Qxc4 Bf2 37. Qe2 Rf8 38. Nh1 Be3 39. Re1 Bf2 40. Rf1 Bc5
41. Rxf8+ 1/2-1/2

[Event "WA Class Championship - B Section"]
[Site "Seattle"]
[Date "2007.11.25"]
[Round "5"]
[White "Wilkinson, F Scott"]
[Black "Qu, Frank"]
[Result "0-1"]
[WhiteElo "1748"]
[BlackElo "1661"]
[PlyCount "78"]
[EventDate "2007.11.??"]
[Source "Drayton Harriso"]
[SourceDate "2007.12.23"]

1. e4 c5 2. Nf3 g6 3. d3 Nc6 4. Nbd2 Bg7 5. g3 Nf6 6. Bg2 O-O 7. O-O d5 8. Nh4
e5 9. a4 Be6 10. c3 d4 11. Nb3 Qb6 12. c4 Nb4 13. a5 Qc7 14. f4 Bd7 15. f5 b5
16. axb6 axb6 17. Bg5 Rxa1 18. Nxa1 b5 19. b3 Ra8 20. Nc2 bxc4 21. bxc4 Ba4 22.
fxg6 hxg6 23. Bxf6 Nxc2 24. Qf3 Ra6 25. Bg5 Nb4 26. Rf2 Bc2 27. Bf1 Ra1 28. Kg2
Bd1 29. Be2 Bxe2 30. Rxe2 Ra2 31. Rxa2 Nxa2 32. Qf1 Nb4 33. Nf3 Qa5 34. Bd2 Qa2
35. Kh3 Qc2 36. Bxb4 cxb4 37. Ne1 Qc1 38. Qe2 b3 39. Nf3 b2 0-1

[Event "WA Class Championship - B Section"]
[Site "Seattle"]
[Date "2007.11.25"]
[Round "5"]
[White "Xing, Kerry"]
[Black "Ummel, Igor"]
[Result "1-0"]
[WhiteElo "1786"]
[BlackElo "1779"]
[PlyCount "67"]
[EventDate "2007.11.??"]
[Source "Drayton Harriso"]
[SourceDate "2007.12.23"]

1. d4 Nf6 2. c4 c5 3. d5 e6 4. Nc3 exd5 5. cxd5 d6 6. e4 g6 7. f4 Bg7 8. Bb5+
Nfd7 9. a4 O-O 10. Nf3 Re8 11. O-O Bxc3 12. bxc3 Rxe4 13. Bd3 Re8 14. f5 Ne5
15. Nxe5 dxe5 16. Be4 Qd6 17. f6 Nd7 18. Bg5 Nf8 19. Qe1 h5 20. Bh4 Kh8 21. Qe3
Nh7 22. Bxg6 fxg6 23. f7 Bf5 24. fxe8=Q+ Rxe8 25. c4 Kg7 26. Bf2 b6 27. a5 Nf6
28. axb6 axb6 29. Ra7+ Bd7 30. Bh4 Ng4 31. Qg5 e4 32. Bg3 Ne5 33. Bxe5+ Rxe5
34. Rxd7+ 1-0

[Event "WA Class Championship - B Section"]
[Site "Seattle"]
[Date "2007.11.27"]
[Round "5"]
[White "Buck, Stephen"]
[Black "Allen, Robert"]
[Result "0-1"]
[WhiteElo "1817"]
[BlackElo "1743"]
[PlyCount "90"]
[EventDate "2007.11.??"]
[Source "Drayton Harriso"]
[SourceDate "2007.12.23"]

1. c4 Nf6 2. Nc3 d5 3. cxd5 Nxd5 4. g3 g6 5. Bg2 Nxc3 6. bxc3 Bg7 7. Rb1 c6 8.
Nf3 O-O 9. h4 h5 10. Qc2 c5 11. c4 Nc6 12. O-O Qd6 13. d3 Rb8 14. Ng5 Nd4 15.
Qd1 Bg4 16. Re1 b6 17. Ne4 Qd7 18. Kh2 Qc7 19. f3 Bd7 20. e3 Nf5 21. f4 Rbd8
22. Ng5 Nh6 23. Qc2 Ng4+ 24. Kg1 e5 25. Bd5 exf4 26. gxf4 Bc6 27. Bg2 Bxg2 28.
Kxg2 Qd7 29. Rb3 Nh6 30. Qe2 Nf5 31. Qf2 Rfe8 32. Ra3 Nh6 33. Qf3 Ng4 34. Ne4
Re7 35. Nf2 Nh6 36. e4 Bf6 37. Bd2 Bxh4 38. f5 Bxf2 39. Qxf2 Ng4 40. Qg3 Qd4
41. Bc3 Qxd3 42. Qh4 Rxe4 43. Qxd8+ Qxd8 44. Rxe4 Qa8 45. Kf3 gxf5 0-1

[Event "WA Class Championship - B Section"]
[Site "Seattle"]
[Date "2007.11.25"]
[Round "5"]
[White "Marcjan, Karen"]
[Black "Xing, Casey"]
[Result "0-1"]
[WhiteElo "1548"]
[BlackElo "1606"]
[PlyCount "136"]
[EventDate "2007.11.??"]
[Source "Drayton Harriso"]
[SourceDate "2007.12.23"]

1. e4 e6 2. d4 d5 3. e5 c5 4. c3 Nc6 5. Bb5 Qb6 6. Bxc6+ bxc6 7. Nf3 Ne7 8.
dxc5 Qxc5 9. Be3 Qb5 10. Qb3 Nf5 11. Qxb5 cxb5 12. b4 Bd7 13. O-O Be7 14. Bf4
h5 15. a3 Bd8 16. Nbd2 Bb6 17. Nb3 Rc8 18. Rac1 Ke7 19. Nbd4 Nxd4 20. cxd4 Rc4
21. Be3 Rhc8 22. Rfe1 Be8 23. h3 f6 24. Kf1 Bg6 25. Kg1 R8c7 26. Nh4 Bh7 27.
Nf3 a6 28. Bf4 Rc8 29. Rxc4 Rxc4 30. Rc1 Rxc1+ 31. Bxc1 Be4 32. Bb2 Bxf3 33.
gxf3 fxe5 34. dxe5 Kf7 35. Kg2 g5 36. Kg3 Kg6 37. Kg2 Kf5 38. Kg3 h4+ 39. Kg2
d4 40. Bc1 Bd8 41. Kf1 Kxe5 42. Ke2 Kf5 43. Kd3 e5 44. Bd2 Bf6 45. Bc1 Be7 46.
Bd2 Bd8 47. Bc1 a5 48. bxa5 Bxa5 49. Ke2 Bb6 50. Kd3 Bc5 51. Bb2 Kf4 52. Bc1+
Kxf3 53. Bxg5 e4+ 54. Kd2 e3+ 55. fxe3 dxe3+ 56. Kd3 e2 57. Bxh4 Bf2 58. Bxf2
Kxf2 59. h4 e1=Q 60. h5 Qd1+ 61. Kc3 Qxh5 62. Kb4 Qd5 63. Ka5 Ke3 64. Kb4 Kd3
65. a4 bxa4 66. Kxa4 Qb7 67. Ka5 Kc4 68. Ka4 Qb4# 0-1

[Event "WA Class Championship - B Section"]
[Site "Seattle"]
[Date "2007.11.25"]
[Round "5"]
[White "Golden, Richard"]
[Black "Wu, Darryl"]
[Result "1-0"]
[WhiteElo "1674"]
[BlackElo "1422"]
[PlyCount "117"]
[EventDate "2007.11.??"]
[Source "Drayton Harriso"]
[SourceDate "2007.12.23"]

1. e4 d5 2. exd5 Qxd5 3. Nc3 Qa5 4. d4 c6 5. Bd2 Qc7 6. h3 Bf5 7. Nf3 e6 8. Nh4
Bg6 9. Nxg6 hxg6 10. Be2 Bd6 11. Bf3 Nf6 12. Qe2 Nbd7 13. O-O-O O-O 14. h4 e5
15. h5 exd4 16. Ne4 Rfe8 17. hxg6 fxg6 18. Nxf6+ Nxf6 19. Qc4+ Nd5 20. Bxd5+
cxd5 21. Qxd5+ Kf8 22. Rh8+ Ke7 23. Re1+ Kd7 24. Qf7+ Be7 25. Rxe7+ Rxe7 26.
Qd5+ Qd6 27. Qxb7+ Ke6 28. Qxa8 Rf7 29. Qe4+ Kf6 30. Qf4+ Qxf4 31. Bxf4 Kf5 32.
Bg3 Ke4 33. Rc8 Rd7 34. Rc7 Rxc7 35. Bxc7 g5 36. Kd2 g4 37. b4 a6 38. a4 Kd5
39. Kd3 g6 40. b5 axb5 41. axb5 Kc5 42. b6 Kc6 43. Kxd4 Kb7 44. c4 Kc6 45. c5
g5 46. Ke5 g3 47. f3 Kb7 48. Kd5 Ka6 49. Kc6 Ka5 50. b7+ Kb4 51. b8=Q+ Kc4 52.
Qg8+ Kd4 53. Qxg5 Kc4 54. Qd5+ Kc3 55. Ba5+ Kc2 56. Qd2+ Kb3 57. Kd5 Ka3 58.
Kc4 Ka4 59. Qb4# 1-0

[Event "WA Class Championship - B Section"]
[Site "Seattle"]
[Date "2007.11.25"]
[Round "6"]
[White "Li, William"]
[Black "O'Connell, Sean"]
[Result "1-0"]
[WhiteElo "1605"]
[BlackElo "1651"]
[PlyCount "31"]
[EventDate "2007.11.??"]
[Source "Drayton Harriso"]
[SourceDate "2007.12.23"]

1. e4 d5 2. exd5 Qxd5 3. Nc3 Qa5 4. d4 c6 5. Nf3 Nf6 6. Bd3 Bf5 7. O-O e6 8.
Bf4 Ba3 9. bxa3 Qxc3 10. Bxf5 exf5 11. Bd6 Nbd7 12. Re1+ Ne4 13. Bb4 Qc4 14.
Nd2 Qxd4 15. Nxe4 Qxd1 16. Raxd1 1-0

[Event "WA Class Championship - B Section"]
[Site "Seattle"]
[Date "2007.11.25"]
[Round "6"]
[White "Qu, Frank"]
[Black "Hendricks, David"]
[Result "1-0"]
[WhiteElo "1661"]
[BlackElo "1701"]
[PlyCount "89"]
[EventDate "2007.11.??"]
[Source "Drayton Harriso"]
[SourceDate "2007.12.23"]

1. d4 Nf6 2. c4 g6 3. Nc3 Bg7 4. e4 d6 5. Nf3 O-O 6. Be2 Nbd7 7. O-O b6 8. Qc2
Bb7 9. Rd1 c5 10. b3 cxd4 11. Nxd4 Nc5 12. f3 a6 13. Bf1 Qc7 14. Be3 Rad8 15.
Nd5 Nxd5 16. cxd5 Rc8 17. Rac1 Qd8 18. Qd2 Rc7 19. b4 Nd7 20. Nc6 Bxc6 21. dxc6
Nc5 22. bxc5 bxc5 23. Bxc5 Rxc6 24. Bd4 Bxd4+ 25. Qxd4 Qc7 26. Rxc6 Qxc6 27.
Rb1 Rc8 28. Rb6 Qc5 29. Qxc5 dxc5 30. Bxa6 Rc7 31. Bc4 Kg7 32. Ra6 e6 33. e5
Kf8 34. a4 Ke7 35. a5 Kd7 36. Rd6+ Kc8 37. Rb6 h5 38. h4 Kd7 39. a6 Kc8 40. Kf2
Kd7 41. Ke3 Ke7 42. Rb7 Kd8 43. Bb5 Kc8 44. Rxc7+ Kxc7 45. Kd3 1-0

[Event "WA Class Championship - B Section"]
[Site "Seattle"]
[Date "2007.11.25"]
[Round "6"]
[White "Monkhouse, Neale"]
[Black "Xing, Kerry"]
[Result "0-1"]
[WhiteElo "1701"]
[BlackElo "1786"]
[PlyCount "80"]
[EventDate "2007.11.??"]
[Source "Drayton Harriso"]
[SourceDate "2007.12.23"]

1. e4 e6 2. d3 d5 3. Nd2 c5 4. Ngf3 Nc6 5. g3 Nf6 6. Bg2 Be7 7. O-O O-O 8. Re1
b5 9. e5 Nd7 10. Nf1 a5 11. h4 b4 12. Bf4 a4 13. Qe2 a3 14. b3 Ba6 15. Ne3 Na7
16. Nxd5 exd5 17. e6 Nb6 18. exf7+ Rxf7 19. Ne5 Rxf4 20. gxf4 Bxh4 21. Qh5 Bf6
22. Qf7+ Kh8 23. Bh3 Nb5 24. Bf5 Bxe5 25. Rxe5 Nd6 26. Qh5 Nxf5 27. Qxf5 Bc8
28. Qh5 Bd7 29. Rae1 h6 30. f3 Qf6 31. f5 Rf8 32. Kf2 Bxf5 33. Re8 Bd7 34.
Rxf8+ Qxf8 35. Qe5 Qf6 36. Qb8+ Kh7 37. Qg3 c4 38. dxc4 dxc4 39. f4 cxb3 40.
cxb3 Bf5 0-1

[Event "WA Class Championship - B Section"]
[Site "Seattle"]
[Date "2007.11.27"]
[Round "6"]
[White "Xing, Casey"]
[Black "Hanson, Jeff"]
[Result "1/2-1/2"]
[WhiteElo "1606"]
[BlackElo "1688"]
[PlyCount "68"]
[EventDate "2007.11.??"]
[Source "Drayton Harriso"]
[SourceDate "2007.12.23"]

1. d4 f5 2. c4 Nf6 3. Nc3 e6 4. Nf3 b6 5. e3 Bb7 6. Be2 Bb4 7. Bd2 O-O 8. a3
Bxc3 9. Bxc3 Qe8 10. Qb3 Ne4 11. Bd3 Qg6 12. Bxe4 fxe4 13. Nd2 Qxg2 14. O-O-O
d5 15. Rdf1 Nd7 16. Rhg1 Qh3 17. Qb4 Rf7 18. Qa4 a5 19. Kb1 c6 20. Qd1 Raf8 21.
Qe1 Ba6 22. Rg3 Qh4 23. Rfg1 g6 24. R1g2 Nf6 25. Qg1 Qh6 26. Rg5 Nh5 27. Re5
Bc8 28. Reg5 Rg7 29. Ka2 Rf5 30. R5g4 Bd7 31. Ka1 Nf6 32. R4g3 Nh5 33. Rg4 Nf6
34. R4g3 Nh5 1/2-1/2

[Event "WA Class Championship - B Section"]
[Site "Seattle"]
[Date "2007.11.25"]
[Round "6"]
[White "Wu, Darryl"]
[Black "Marcjan, Karen"]
[Result "0-1"]
[WhiteElo "1422"]
[BlackElo "1548"]
[PlyCount "158"]
[EventDate "2007.11.??"]
[Source "Drayton Harriso"]
[SourceDate "2007.12.23"]

1. e4 e5 2. Nf3 Nc6 3. Bb5 Nf6 4. d3 d6 5. Nc3 Bd7 6. Be3 a6 7. Bc4 Bg4 8. h3
Bxf3 9. Qxf3 Qd7 10. Nd5 Nxd5 11. Bxd5 f6 12. Qf5 Qxf5 13. Bxc6+ bxc6 14. exf5
d5 15. O-O-O d4 16. Bd2 a5 17. Rhe1 Kd7 18. f4 Bd6 19. fxe5 Bxe5 20. Re4 c5 21.
c3 Rhb8 22. Rde1 Rb6 23. cxd4 cxd4 24. Bf4 Bxf4+ 25. Rxf4 Rd6 26. Rg4 Rg8 27.
Ree4 c5 28. h4 Rd5 29. Ref4 Re5 30. Kd2 Kd6 31. Rf2 Rb8 32. Kc2 Rb7 33. Rgf4
Rbe7 34. g4 Kd5 35. Kd2 Rb7 36. Kc2 Rbe7 37. Kd2 c4 38. dxc4+ Kxc4 39. b3+ Kd5
40. Kd3 Re3+ 41. Kd2 Rh3 42. g5 Ree3 43. g6 h6 44. Kc2 Re4 45. R2f3 Rxf3 46.
Rxf3 Rxh4 47. Kd3 Ke5 48. a3 Rf4 49. Rxf4 Kxf4 50. Kxd4 h5 51. b4 axb4 52. axb4
h4 53. b5 h3 54. b6 h2 55. b7 h1=Q 56. b8=Q+ Kxf5 57. Qc8+ Kxg6 58. Qc2+ f5 59.
Qc7 Qd1+ 60. Ke3 Qe1+ 61. Kd3 Qe4+ 62. Kd2 Qg2+ 63. Ke3 Kh5 64. Qb8 f4+ 65. Kd3
Qg3+ 66. Kd2 Qe3+ 67. Kd1 Qd3+ 68. Ke1 Qc3+ 69. Kd1 Kg4 70. Qg8 Qd3+ 71. Kc1
Qe3+ 72. Kd1 g5 73. Qc8+ Kg3 74. Qb8 g4 75. Qc7 Kg2 76. Qg7 g3 77. Qd7 f3 78.
Qd5 Qe2+ 79. Kc1 Kf1 0-1

[Event "WA Class Championship - C Section"]
[Site "Seattle"]
[Date "2007.11.23"]
[Round "1"]
[White "Etingher, Constantin"]
[Black "Holcomb, Eric"]
[Result "1/2-1/2"]
[WhiteElo "1506"]
[BlackElo "1608"]
[PlyCount "77"]
[EventDate "2007.11.??"]
[Source "Drayton Harriso"]
[SourceDate "2007.12.23"]

1. Nf3 Nf6 2. d4 d5 3. c4 e6 4. Nc3 Be7 5. Bg5 O-O 6. Rc1 c6 7. e3 Nbd7 8. Bd3
h6 9. Bf4 dxc4 10. Bxc4 Nd5 11. Bg3 Nxc3 12. Rxc3 Nb6 13. Qb3 a5 14. a3 Nxc4
15. Rxc4 e5 16. Nxe5 Be6 17. Qxb7 Bxc4 18. Nxc4 Qd5 19. O-O Qxc4 20. Qxe7 Qc2
21. b4 axb4 22. Qxb4 Qa4 23. Bd6 Rfc8 24. h3 Qxb4 25. axb4 f6 26. e4 Kf7 27. f4
Ke6 28. e5 fxe5 29. fxe5 Rd8 30. Bc5 Rd7 31. Rf3 Rf7 32. Rg3 g5 33. h4 Ra1+ 34.
Kh2 Rff1 35. Rf3 g4 36. Rxf1 Rxf1 37. g3 h5 38. Kg2 Rf3 39. Bd6 1/2-1/2

[Event "WA Class Championship - C Section"]
[Site "Seattle"]
[Date "2007.11.23"]
[Round "1"]
[White "Pyle, Galen"]
[Black "Branch, Andrew"]
[Result "1-0"]
[WhiteElo "947"]
[BlackElo "1499"]
[Annotator "Harrison"]
[PlyCount "49"]
[EventDate "2007.11.??"]
[Source "Drayton Harriso"]
[SourceDate "2007.12.23"]

1. e4 c6 2. d4 d5 3. e5 Bf5 4. h4 h6 $2 5. g4 Be4 $2 6. f3 Bg6 7. h5 Bh7 8. e6
$1 $18 fxe6 9. Bd3 Nf6 10. Bxh7 Nxh7 11. Qd3 Qc7 12. Qg6+ Kd8 13. f4 Na6 14.
Nf3 Nf6 15. Ne5 {Diagram # An ideal position for white.} Kc8 16. g5 Nd7 17.
Qe8+ Qd8 18. Qxd8+ Kxd8 19. Nf7+ Kc7 20. Nxh8 Nb4 21. Na3 hxg5 22. fxg5 e5 23.
dxe5 e6 24. Ng6 Bc5 25. Ke2 1-0

[Event "WA Class Championship - C Section"]
[Site "Seattle"]
[Date "2007.11.23"]
[Round "1"]
[White "Jusak, Jeremy"]
[Black "Yatsenko, Andrey"]
[Result "1-0"]
[WhiteElo "1502"]
[BlackElo "1327"]
[Annotator "Harrison"]
[PlyCount "39"]
[EventDate "2007.11.??"]
[Source "Drayton Harriso"]
[SourceDate "2007.12.23"]

1. e4 e5 2. Nf3 Nf6 3. Nxe5 Qe7 4. d4 d6 5. Nf3 Nxe4 6. Be2 Nc6 7. O-O d5 8. c4
Be6 9. Nc3 Nxc3 10. bxc3 O-O-O 11. Re1 h6 12. Rb1 Rd7 13. cxd5 Bxd5 {Diagram #}
14. Ba6 Bxf3 15. Bxb7+ Kb8 16. Bxc6+ Kc8 17. Bxd7+ Qxd7 18. Qxf3 Qd6 19. Qa8+
Kd7 20. Qe8# 1-0

[Event "WA Class Championship - C Section"]
[Site "Seattle"]
[Date "2007.11.23"]
[Round "1"]
[White "Griffin, David"]
[Black "Sen, Samir"]
[Result "0-1"]
[WhiteElo "1587"]
[BlackElo "1405"]
[Annotator "Harrison"]
[PlyCount "43"]
[EventDate "2007.11.??"]
[Source "Drayton Harriso"]
[SourceDate "2007.12.23"]

1. d4 d5 2. Nf3 Bf5 3. e3 e6 4. c4 c6 5. Nc3 Nd7 6. Be2 Bd6 7. c5 Bc7 8. O-O
Ngf6 9. Re1 Ne4 10. Bd2 h5 11. g3 g5 12. h4 g4 13. Nh2 {Diagram #} Nxg3 14.
fxg3 Bxg3 15. Nf1 Qxh4 16. Nxg3 Qxg3+ 17. Kh1 h4 18. Bf1 Nf6 19. Re2 h3 20. Rh2
Qf3+ 21. Kg1 g3 22. Be2 0-1

[Event "WA Class Championship - C Section"]
[Site "Seattle"]
[Date "2007.11.24"]
[Round "1"]
[White "Dillingham, Gregg"]
[Black "Stensland, Brad"]
[Result "1-0"]
[WhiteElo "1551"]
[BlackElo "1474"]
[PlyCount "53"]
[EventDate "2007.11.??"]
[Source "Drayton Harriso"]
[SourceDate "2007.12.23"]

1. e4 e6 2. d4 d5 3. exd5 exd5 4. Bd3 c5 5. dxc5 Bxc5 6. Nc3 Nf6 7. Bg5 Qb6 8.
Qe2+ Be6 9. O-O-O Nbd7 10. Na4 Qa5 11. Nxc5 Qxc5 12. Nf3 O-O 13. Be3 Qa5 14. a3
Bg4 15. h3 Bh5 16. g4 Bg6 17. Bd2 Qc7 18. Bxg6 fxg6 19. Nd4 Rfe8 20. Qf1 Rac8
21. f3 Nc5 22. Kb1 Ne6 23. Bc3 Nxd4 24. Rxd4 Re3 25. Rd3 Rxd3 26. Qxd3 Qf4 27.
Bxf6 {black lost on time.} 1-0

[Event "WA Class Championship - C Section"]
[Site "Seattle"]
[Date "2007.11.24"]
[Round "1"]
[White "Teng, Yun"]
[Black "Wentz, Dale"]
[Result "1/2-1/2"]
[WhiteElo "1428"]
[BlackElo "1500"]
[PlyCount "80"]
[EventDate "2007.11.??"]
[Source "Drayton Harriso"]
[SourceDate "2007.12.23"]

1. d4 Nf6 2. Bf4 e6 3. e3 b6 4. c3 Bb7 5. Nd2 Be7 6. Ngf3 O-O 7. Bd3 d6 8. Bc2
Nbd7 9. Qe2 c5 10. O-O-O cxd4 11. exd4 Qc8 12. Ng5 Ba6 13. Bd3 Bxd3 14. Qxd3 e5
15. dxe5 Nxe5 16. Bxe5 dxe5 17. Nge4 Rd8 18. Nxf6+ Bxf6 19. Qc2 Bg5 20. Kb1
Bxd2 21. Rxd2 Rxd2 22. Qxd2 Qf5+ 23. Kc1 Qe6 24. Rd1 Kf8 25. Qd6+ Qxd6 26. Rxd6
Ke7 27. Rd5 f6 28. Kc2 Rd8 29. Rxd8 Kxd8 30. Kd3 Kd7 31. Kc4 Kc6 32. a4 a6 33.
f3 h5 34. b3 g5 35. Kd3 f5 36. Ke3 Kd5 37. Kd3 h4 38. h3 a5 39. Ke3 Kc5 40. Kd3
Kd5 1/2-1/2

[Event "WA Class Championship - C Section"]
[Site "Seattle"]
[Date "2007.11.23"]
[Round "2"]
[White "Sun, Tristan"]
[Black "Jusak, Jeremy"]
[Result "0-1"]
[WhiteElo "1384"]
[BlackElo "1502"]
[PlyCount "104"]
[EventDate "2007.11.??"]
[Source "Drayton Harriso"]
[SourceDate "2007.12.23"]

1. e4 c5 2. Nc3 d6 3. f4 g6 4. Nf3 Bg7 5. Bc4 Nc6 6. d3 Nf6 7. O-O a6 8. a4 O-O
9. f5 gxf5 10. Qe1 fxe4 11. dxe4 Bg4 12. Qh4 Bxf3 13. Rxf3 Ne5 14. Rg3 Ng6 15.
Qh3 Qd7 16. Qxd7 Nxd7 17. Be3 Nde5 18. Ba2 Rfb8 19. Rf1 b5 20. Bd5 Ra7 21. b4
e6 22. Bb3 bxa4 23. Nxa4 Rxb4 24. Nxc5 Ra8 25. Bd2 dxc5 26. Bxb4 cxb4 27. Re3
Nc6 28. Ree1 a5 29. Ba4 Nd4 30. Kh1 Rc8 31. Rc1 Ne2 32. Rcd1 Nc3 33. Ra1 Nxe4
34. Bb3 Bxa1 35. Rxa1 Nd2 36. Rd1 Nxb3 37. cxb3 Rc3 38. h3 Rxb3 39. Ra1 Ra3 40.
Rc1 b3 41. Rb1 a4 42. Rd1 b2 43. Rb1 Ra1 44. Rxa1 bxa1=Q+ 45. Kh2 Qb2 46. Kg3
Qc3+ 47. Kf2 a3 48. h4 a2 49. h5 a1=Q 50. hxg6 Qa2+ 51. Kg1 Qcc2 52. g7 Qxg2#
0-1

[Event "WA Class Championship - C Section"]
[Site "Seattle"]
[Date "2007.11.23"]
[Round "2"]
[White "Guo, Anthony"]
[Black "Marcjan, Cezary"]
[Result "0-1"]
[WhiteElo "1493"]
[BlackElo "1299"]
[PlyCount "50"]
[EventDate "2007.11.??"]
[Source "Drayton Harriso"]
[SourceDate "2007.12.23"]

1. c4 e5 2. Nc3 c6 3. Nf3 d6 4. e3 Bf5 5. b3 Nf6 6. Bb2 Nbd7 7. d4 exd4 8. Nxd4
Bg6 9. Bd3 Ne5 10. Bxg6 hxg6 11. Qd2 Qa5 12. f4 Ned7 13. O-O-O O-O-O 14. h3 Nc5
15. Nc2 Qb6 16. Rhe1 d5 17. cxd5 Nxd5 18. Nxd5 Rxd5 19. Bd4 Qb5 20. Kb2 Na4+
21. Ka1 Nb6 22. Qc3 f6 23. e4 Rd7 24. Rd2 Be7 25. Red1 Rhd8 {
Remaining moves unclear. Black won after at least 60 moves.} 0-1